000
00318nam a2200133Ia 4500
005
20251222142030.0
008
251222s9999||||xx |||||||||||||| ||spa||
020
_a
978-607-17-1070-3
082
_a
347.07/M86
100
_a
Moreno Padilla, Javier
245
0
_a
El Juicio en LĂnea
264
_b
Trillas
942
_c
LIB
999
_c
10946
_d
10946